书目信息 |
| 题名: |
厦门气象今昔
|
|
| 作者: | 洪卜仁 主编 | |
| 分册: | ||
| 出版信息: | 厦门 厦门大学出版社 2010.01 |
|
| 页数: | 238页 | |
| 开本: | 24cm | |
| 丛书名: | 厦门文史丛书 | |
| 单 册: | ||
| 中图分类: | P468.25 | |
| 科图分类: | ||
| 主题词: | 气象--qi xiang--工作--概况--厦门市 | |
| 电子资源: | ||
| ISBN: | 978-7-5615-2950-8 | |
| 000 | 00862nam 2200253 450 | |
| 001 | 012011949224 | |
| 005 | 20110103110818.78 | |
| 010 | @a978-7-5615-2950-8@dCNY40.00 | |
| 100 | @a20110103d2010 em y0chiy0120 ea | |
| 101 | 0 | @achi |
| 102 | @aCN@b350000 | |
| 105 | @aac z 000yy | |
| 106 | @ar | |
| 200 | 1 | @a厦门气象今昔@Axia men qi xiang jin xi@f洪卜仁主编@Fhong bo ren zhu bian |
| 210 | @a厦门@c厦门大学出版社@d2010.01 | |
| 215 | @a238页@c图, 肖像@d24cm | |
| 225 | 2 | @a厦门文史丛书@Axia men wen shi cong shu |
| 330 | @a本书主要内容包括:厦门气候、气象业务、气象服务、气象灾害公共管理与气候变化社会应对、组织管理、万千气象撷英等。 | |
| 410 | 0 | @12001 @a厦门文史丛书 |
| 606 | 0 | @a气象@Aqi xiang@x工作@x概况@y厦门市 |
| 690 | @aP468.25@v4 | |
| 701 | 0 | @a洪卜仁@Ahong bo ren@4主编 |
| 801 | 0 | @aCN@bQSSK@c20110103 |
| 905 | @b791119-21@dP468.25@eH401@f3 | |
| 厦门气象今昔/洪卜仁主编.-厦门:厦门大学出版社,2010.01 |
| 238页:图, 肖像;24cm.-(厦门文史丛书) |
| ISBN 978-7-5615-2950-8:CNY40.00 |
| 本书主要内容包括:厦门气候、气象业务、气象服务、气象灾害公共管理与气候变化社会应对、组织管理、万千气象撷英等。 |
| ● |
| 相关链接 |
|
|
|
正题名:厦门气象今昔
索取号:P468.25/H401
 
预约/预借
| 序号 | 登录号 | 条形码 | 馆藏地/架位号 | 状态 | 备注 |
| 1 | 791119 | 207911198 | 期刊室512/401自科库 123排1列3层/ [索取号:P468.25/H401] | 在馆 | |
| 2 | 791120 | 207911205 | 自科库401/401自科库 128排2列5层/ [索取号:P468.25/H401] | 在馆 | |
| 3 | 791121 | 207911214 | 期刊室512/401自科库 123排1列3层/ [索取号:P468.25/H401] | 在馆 |